<?xml version="1.0" encoding="UTF-8"?>
<record
    xmlns:xsi="http://www.w3.org/2001/XMLSchema-instance"
    xsi:schemaLocation="http://www.loc.gov/MARC21/slim http://www.loc.gov/standards/marcxml/schema/MARC21slim.xsd"
    xmlns="http://www.loc.gov/MARC21/slim">

  <leader>00836nam a22002057a 4500</leader>
  <controlfield tag="005">20240125105939.0</controlfield>
  <datafield tag="010" ind1=" " ind2=" ">
    <subfield code="a">ENG-139006</subfield>
  </datafield>
  <datafield tag="020" ind1=" " ind2=" ">
    <subfield code="a">9789395116534</subfield>
    <subfield code="c">2295.00</subfield>
  </datafield>
  <datafield tag="035" ind1=" " ind2=" ">
    <subfield code="a">EN-122538</subfield>
  </datafield>
  <datafield tag="037" ind1=" " ind2=" ">
    <subfield code="b">DBAD/PUB</subfield>
  </datafield>
  <datafield tag="082" ind1=" " ind2=" ">
    <subfield code="a">332.75</subfield>
  </datafield>
  <datafield tag="100" ind1=" " ind2=" ">
    <subfield code="a">Rao,L.Nageswara</subfield>
    <subfield code="9">61281</subfield>
  </datafield>
  <datafield tag="245" ind1=" " ind2=" ">
    <subfield code="a">Corporate insolvency resolution process and liquidation under the insolvency and bankruptcy code,2016/</subfield>
    <subfield code="c">by L.Nageswara Rao [and] Avinash Krishnan Ravi ; Foreword by Ashok Bhushan</subfield>
  </datafield>
  <datafield tag="260" ind1=" " ind2=" ">
    <subfield code="b">Lexis Nexis</subfield>
    <subfield code="a">India</subfield>
    <subfield code="c">2023</subfield>
  </datafield>
  <datafield tag="270" ind1=" " ind2=" ">
    <subfield code="b">Gurgaon</subfield>
    <subfield code="e">122002</subfield>
    <subfield code="a">14th Floor , Building No 10, Tower-B, DLF Cyber City, phase -ll</subfield>
    <subfield code="k">+91 124 4774444</subfield>
    <subfield code="l">+91 124 4774100</subfield>
    <subfield code="m">help.in@lexisnexis.com</subfield>
  </datafield>
  <datafield tag="300" ind1=" " ind2=" ">
    <subfield code="a">cxxxi,1266p.</subfield>
    <subfield code="c">25cm(hb)</subfield>
  </datafield>
  <datafield tag="700" ind1=" " ind2=" ">
    <subfield code="a">Avinash Krishnan Ravi</subfield>
    <subfield code="9">61282</subfield>
  </datafield>
  <datafield tag="700" ind1=" " ind2=" ">
    <subfield code="a">Bhushan,Ashok </subfield>
    <subfield code="9">61283</subfield>
  </datafield>
  <datafield tag="942" ind1=" " ind2=" ">
    <subfield code="2">ddc</subfield>
    <subfield code="c">EN</subfield>
    <subfield code="h">332.75</subfield>
    <subfield code="m">RAO</subfield>
  </datafield>
  <datafield tag="999" ind1=" " ind2=" ">
    <subfield code="c">200373</subfield>
    <subfield code="d">200373</subfield>
  </datafield>
  <datafield tag="952" ind1=" " ind2=" ">
    <subfield code="0">0</subfield>
    <subfield code="1">0</subfield>
    <subfield code="4">0</subfield>
    <subfield code="7">1</subfield>
    <subfield code="8">REF</subfield>
    <subfield code="a">ZLS</subfield>
    <subfield code="b">ZLS</subfield>
    <subfield code="d">2024-01-25</subfield>
    <subfield code="e">DBAD/PUB</subfield>
    <subfield code="g">2295.00</subfield>
    <subfield code="l">0</subfield>
    <subfield code="o">332.75 RAO</subfield>
    <subfield code="p">EN-122538</subfield>
    <subfield code="r">2024-01-25 00:00:00</subfield>
    <subfield code="t">1</subfield>
    <subfield code="v">2295.00</subfield>
    <subfield code="w">2024-01-25</subfield>
    <subfield code="y">EN</subfield>
  </datafield>
</record>
